[Event "Izmailov Memorial op 10th"]
[Site "Tomsk"]
[Date "2006.07.18"]
[Round "7"]
[White "Rysbayeva, Aigerim"]
[Black "Lavrov, Andrey"]
[Result "1/2-1/2"]
[WhiteElo "2009"]
[BlackElo "2356"]
[PlyCount "109"]
[EventDate "2006.07.12"]
[EventType "swiss"]
[EventRounds "9"]
[EventCountry "RUS"]
[SourceTitle "EXT 2008"]
[Source "ChessBase"]
[SourceDate "2007.11.25"]
[SourceVersion "1"]
[SourceVersionDate "2007.11.25"]
[SourceQuality "1"]

1. e4 e5 2. Nf3 Nc6 3. Nc3 Nf6 4. d4 exd4 5. Nxd4 Bb4 6. Nxc6 bxc6 7. Bd3 d5 8. exd5 cxd5 9. 0-0 0-0 10. Bg5 c6 11. Qf3 Bd6 12. Rae1 Rb8 13. Nd1 h6 14. Bxf6 Qxf6 15. Qxf6 gxf6 16. c3 f5 17. f4 Kg7 18. Re2 Kf6 19. Ne3 Bd7 20. Rf3 h5 21. g3 h4 22. gxh4 Rh8 23. Ng2 c5 24. Rg3 Be6 25. Rg5 c4 26. Bb1 Rb6 27. Kf1 Bc5 28. h5 Rbb8 29. Nh4 Bd6 30. Bxf5 Bxf4 31. Rg4 Bc1 32. Bxe6 Rxh5 33. Bd7 Rxb2 34. Rxb2 Bxb2 35. Nf3 Bxc3 36. Rf4+ Ke7 37. Bg4 Rh8 38. h4 Bf6 39. h5 c3 40. Ke2 Rb8 41. Kd3 c2 42. Kxc2 Rb2+ 43. Kd3 Rxa2 44. h6 Bh8 45. h7 Ra6 46. Nd4 Ra3+ 47. Kc2 Ra2+ 48. Kb3 Rh2 49. Bf5 Kd6 50. Nb5+ Ke5 51. Rf1 Rh5 52. Bc2 f5 53. Nxa7 Rxh7 54. Rxf5+ Kd6 55. Nc8+ 1/2-1/2

[Event "Izmailov Memorial op 10th"]
[Site "Tomsk"]
[Date "2006.07.13"]
[Round "2"]
[White "Lavrov, Andrey"]
[Black "Kostenko, Petr"]
[Result "0-1"]
[WhiteElo "2356"]
[BlackElo "2516"]
[PlyCount "98"]
[EventDate "2006.07.12"]
[EventType "swiss"]
[EventRounds "9"]
[EventCountry "RUS"]
[SourceTitle "EXT 2008"]
[Source "ChessBase"]
[SourceDate "2007.11.25"]
[SourceVersion "1"]
[SourceVersionDate "2007.11.25"]
[SourceQuality "1"]

1. e4 c5 2. c3 Nf6 3. e5 Nd5 4. Nf3 e6 5. Bc4 Nb6 6. Bb3 d6 7. exd6 Bxd6 8. d4 cxd4 9. Nxd4 0-0 10. Nb5 Be5 11. Qxd8 Rxd8 12. f4 Bd7 13. N1a3 a6 14. fxe5 axb5 15. Be3 Na4 16. Bxa4 Rxa4 17. 0-0 Bc6 18. Nc2 Re4 19. Bd4 Bd5 20. Nb4 Nc6 21. Nxc6 bxc6 22. a3 c5 23. Bxc5 Rxe5 24. Bd4 Rg5 25. g3 Bb3 26. Rae1 f6 27. Re4 Rgd5 28. Rfe1 e5 29. Bb6 R8d6 30. Rb4 Bd1 31. Be3 Rc6 32. Kf2 Kf7 33. Bc1 Ke6 34. Be3 h6 35. h4 Kf5 36. Bc1 Rc4 37. Be3 Kg4 38. Bc1 Bf3 39. Re3 e4 40. Re1 g5 41. Be3 Rf5 42. Rg1 Kh3 43. hxg5 fxg5 44. Ke1 h5 45. Bf2 Kh2 46. Be3 Rxb4 47. axb4 Bg2 48. Ke2 Kxg3 49. Bc5 Rd5 0-1

[Event "Voronezh sim"]
[Site "Voronezh"]
[Date "1997.??.??"]
[Round "?"]
[White "Karpov, Anatoly"]
[Black "Lavrov, Andrey"]
[Result "1-0"]
[WhiteElo "2760"]
[BlackElo "2355"]
[PlyCount "69"]
[EventDate "1997.??.??"]
[EventType "simul"]
[EventRounds "1"]
[EventCountry "RUS"]
[SourceTitle "EXT 2000"]
[Source "ChessBase"]
[SourceDate "1999.11.16"]
[SourceVersion "1"]
[SourceVersionDate "1999.11.16"]
[SourceQuality "1"]

1. e4 c5 2. Nf3 Nc6 3. Bb5 g6 4. 0-0 Nf6 5. e5 Nd5 6. Bxc6 dxc6 7. h3 Bg7 8. d3 0-0 9. Re1 Qc7 10. Nbd2 b6 11. Nf1 Rd8 12. Qe2 b5 13. Bd2 Nb6 14. Ba5 Be6 15. N1d2 Qd7 16. b3 Qd5 17. Rad1 Bh6 18. Ne4 b4 19. c4 bxc3 20. Nxc3 Qd7 21. Ne4 Qd5 22. Bd2 Bg7 23. Bg5 Kf8 24. Qe3 Bxe5 25. Nxc5 Bc3 26. Nxe6+ fxe6 27. Qxe6 Bxe1 28. Bxe7+ Ke8 29. Qxe1 Rd7 30. Ba3+ Kd8 31. Ne5 Rc7 32. d4 Kc8 33. Nd3 Nd7 34. Nf4 Qb5 35. Bd6 1-0

[Event "Novokuznetsk Autumn op"]
[Site "Novokuznetsk"]
[Date "1997.??.??"]
[Round "?"]
[White "Lavrov, Andrey"]
[Black "Kotenko, Pavel"]
[Result "1-0"]
[WhiteElo "2355"]
[BlackElo "2275"]
[PlyCount "33"]
[EventDate "1997.??.??"]
[EventType "swiss"]
[EventRounds "9"]
[EventCountry "RUS"]
[SourceTitle "EXT 2001"]
[Source "ChessBase"]
[SourceDate "2000.11.22"]
[SourceVersion "1"]
[SourceVersionDate "2000.11.22"]
[SourceQuality "1"]

1. d4 d5 2. c4 e6 3. Nf3 c6 4. Nc3 Nf6 5. Bg5 Nbd7 6. e3 h6 7. Bh4 Be7 8. Qc2 0-0 9. 0-0-0 dxc4 10. Bxc4 b5 11. Bd3 a6 12. Kb1 Bb7 13. e4 Nxe4 14. Nxe4 Bxh4 15. Nd6 Rb8 16. Nxb7 Rxb7 17. Qxc6 1-0

[Event "Prokojevsk-A"]
[Site "Prokojevsk"]
[Date "1997.??.??"]
[Round "?"]
[White "Lykov, Vasili"]
[Black "Lavrov, Andrey"]
[Result "0-1"]
[WhiteElo "2260"]
[BlackElo "2355"]
[PlyCount "102"]
[EventDate "1997.??.??"]
[EventType "tourn"]
[EventRounds "13"]
[EventCountry "RUS"]
[SourceTitle "EXT 2001"]
[Source "ChessBase"]
[SourceDate "2000.11.22"]
[SourceVersion "1"]
[SourceVersionDate "2000.11.22"]
[SourceQuality "1"]

1. e4 c5 2. c3 d5 3. exd5 Qxd5 4. d4 Nf6 5. Nf3 e6 6. Be2 cxd4 7. cxd4 Nc6 8. 0-0 Be7 9. Nc3 Qd6 10. Be3 0-0 11. a3 b6 12. b4 Bb7 13. Qb3 Rfd8 14. Rad1 a5 15. d5 exd5 16. Bxb6 Rd7 17. Bc5 Qf4 18. Be3 Qb8 19. b5 a4 20. Nxa4 Na5 21. Qa2 Nc4 22. Nc5 Rc7 23. Bxc4 dxc4 24. Nxb7 Qxb7 25. b6 Rcc8 26. a4 Nd5 27. Bd4 Bc5 28. Qxc4 Bxd4 29. Qxd4 Nc3 30. Rd2 Nxa4 31. Rb1 Nc3 32. Re1 Na4 33. Ra2 Nxb6 34. Rb2 Ra6 35. Reb1 Qd5 36. Qe3 Nc4 37. Rb8 Ra8 38. Rxa8 Rxa8 39. Qa7 Re8 40. h4 g6 41. Rb7 Nd6 42. Rd7 Nb5 43. Rxd5 Nxa7 44. Rd7 Nc6 45. Ng5 Ne5 46. Rc7 h6 47. Ne4 Kg7 48. f3 Re6 49. Kf2 Ng4+ 50. Ke2 Nf6 51. Ke3 Nd5+ 0-1

[Event "Novokuznetsk Rating op"]
[Site "Novokuznetsk"]
[Date "1997.??.??"]
[Round "5"]
[White "Mezentsev, Igor"]
[Black "Lavrov, Andrey"]
[Result "0-1"]
[WhiteElo "2330"]
[BlackElo "2355"]
[PlyCount "84"]
[EventDate "1997.??.??"]
[EventType "swiss"]
[EventRounds "9"]
[EventCountry "RUS"]
[SourceTitle "EXT 2001"]
[Source "ChessBase"]
[SourceDate "2000.11.22"]
[SourceVersion "1"]
[SourceVersionDate "2000.11.22"]
[SourceQuality "1"]

1. e4 e6 2. d4 d5 3. Nc3 Bb4 4. Qd3 Nf6 5. e5 Ne4 6. a3 Bxc3+ 7. bxc3 c5 8. Ne2 cxd4 9. cxd4 Qa5+ 10. c3 b6 11. Bb2 f6 12. f3 Ng5 13. f4 Ne4 14. Ng3 Ba6 15. Qe3 f5 16. Nxe4 dxe4 17. Kf2 Bxf1 18. Rhxf1 Qb5 19. Rfb1 Nc6 20. Bc1 Qa4 21. Qe2 0-0 22. Be3 Na5 23. Rb4 Qd7 24. c4 Rac8 25. Rd1 b5 26. cxb5 Qd5 27. b6 axb6 28. Rxb6 Nc4 29. Rbb1 Nxa3 30. Rbc1 Nc4 31. Kg1 g5 32. fxg5 f4 33. Bf2 e3 34. Bh4 f3 35. gxf3 Rf4 36. Bg3 Rxd4 37. Bf4 Rd8 38. Rxd4 Qxd4 39. Qxc4 e2+ 40. Qxd4 Rxd4 41. Be3 Rd1+ 42. Kf2 e1Q+ 0-1

[Event "RUS-ch sf"]
[Site "Bryansk"]
[Date "1995.??.??"]
[Round "2"]
[White "Lavrov, Andrey"]
[Black "Bigaliev, Renat Damirovich"]
[Result "1/2-1/2"]
[WhiteElo "2385"]
[BlackElo "2360"]
[PlyCount "203"]
[EventDate "1995.??.??"]
[EventType "swiss"]
[EventRounds "9"]
[EventCountry "RUS"]
[SourceTitle "EXT 1998"]
[Source "ChessBase"]
[SourceDate "1997.11.17"]
[SourceVersion "1"]
[SourceVersionDate "1997.11.17"]
[SourceQuality "1"]

1. d4 d5 2. c4 Nc6 3. Nf3 e5 4. dxe5 Bb4+ 5. Bd2 dxc4 6. Qa4 Qe7 7. e3 Bd7 8. Bxc4 Bxd2+ 9. Nbxd2 Nxe5 10. Qb3 Nxf3+ 11. Nxf3 Rb8 12. 0-0 Nf6 13. Qc3 0-0 14. Qa5 b6 15. Qxa7 Qc5 16. Rfc1 Ra8 17. Qxc7 Qxc7 18. Bxf7+ Kxf7 19. Rxc7 Rfc8 20. Rxc8 Rxc8 21. Nd4 b5 22. Kf1 Ne4 23. Ke2 Nd6 24. b3 Nf5 25. Nxf5 Bxf5 26. a4 Rc2+ 27. Kf3 Rb2 28. axb5 Rxb3 29. Ra7+ Kf6 30. Rb7 Rb4 31. Rb8 h5 32. b6 h4 33. Ke2 Rb2+ 34. Ke1 Be4 35. f3 Bc6 36. Kf1 Bb5+ 37. Ke1 Bc6 38. Kf1 Bb5+ 39. Ke1 Ba6 40. h3 Kg6 41. e4 Kg5 42. Kd1 Kf4 43. Kc1 Rb5 44. Rg8 g5 45. Rf8+ Ke3 46. Rf6 Bc8 47. Rc6 Bb7 48. Rf6 Bc8 49. Rc6 Ba6 50. Rf6 Kf2 51. Rf5 Rxb6 52. Rxg5 Rh6 53. e5 Bf1 54. Rg4 Rc6+ 55. Kd2 Rh6 56. e6 Rxe6 57. Rxh4 Bxg2 58. Re4 Rd6+ 59. Kc3 Kxf3 60. Re8 Bxh3 61. Re7 Be6 62. Rg7 Ke4 63. Rg3 Rb6 64. Rg6 Rb3+ 65. Kc2 Bc4 66. Rg4+ Kd5 67. Rg5+ Kd4 68. Rg4+ Kc5 69. Rf4 Rh3 70. Kd2 Bd3 71. Rf8 Be4 72. Rf2 Kd4 73. Ke2 Ra3 74. Kd2 Rc3 75. Ke2 Re3+ 76. Kd2 Bf3 77. Kc2 Kc4 78. Kd2 Rd3+ 79. Kc2 Be4 80. Kc1 Rd5 81. Rb2 Bd3 82. Kd2 Re5 83. Kc1 Re4 84. Kd2 Re8 85. Kc1 Kd4 86. Kd2 Re2+ 87. Kc1 Re1+ 88. Kd2 Rh1 89. Rb4+ Bc4 90. Rb2 Rh3 91. Kc2 Bd3+ 92. Kb3 Be4+ 93. Kb4 Rh8 94. Rd2+ Bd3 95. Rb2 Rb8+ 96. Ka3 Ra8+ 97. Kb4 Ra1 98. Kb3 Rc1 99. Kb4 Bc2 100. Kb5 Kc3 101. Rb4 Bd3+ 102. Kc5 1/2-1/2

[Event "RUS-ch sf"]
[Site "Bryansk"]
[Date "1995.??.??"]
[Round "6"]
[White "Lavrov, Andrey"]
[Black "Kandyba, Leonid"]
[Result "1/2-1/2"]
[WhiteElo "2385"]
[BlackElo "2370"]
[PlyCount "62"]
[EventDate "1995.??.??"]
[EventType "swiss"]
[EventRounds "9"]
[EventCountry "RUS"]
[SourceTitle "CBM 049 Extra"]
[Source "ChessBase"]
[SourceDate "1996.01.01"]
[SourceVersion "1"]
[SourceVersionDate "1996.01.01"]
[SourceQuality "1"]

1. d4 d5 2. c4 c6 3. Nf3 Nf6 4. Nc3 dxc4 5. a4 Bg4 6. Ne5 Bh5 7. g3 e6 8. Bg2 Bb4 9. Nxc4 Nd5 10. Bd2 a5 11. 0-0 Nb6 12. Nxb6 Qxb6 13. Be3 Qa6 14. f3 Nd7 15. Bf2 0-0 16. e4 e5 17. d5 Rfd8 18. dxc6 bxc6 19. Qc2 Bc5 20. Rfd1 Qb6 21. Bh3 Bxf2+ 22. Qxf2 Qxf2+ 23. Kxf2 Nc5 24. Ke3 f6 25. Rac1 Bf7 26. Rxd8+ Rxd8 27. Nd5 Nxa4 28. Ne7+ Kf8 29. Nxc6 Ra8 30. b4 axb4 31. Nxb4 Nb6 1/2-1/2

[Event "Budapest FS02 IM-A"]
[Site "Budapest"]
[Date "1995.??.??"]
[Round "11"]
[White "Lavrov, Andrey"]
[Black "Svobodova, Michaela"]
[Result "1-0"]
[WhiteElo "2385"]
[BlackElo "2120"]
[PlyCount "83"]
[EventDate "1995.02.??"]
[EventType "tourn"]
[EventRounds "11"]
[EventCountry "HUN"]
[EventCategory "2"]
[SourceTitle "CBM 046 Extra"]
[Source "ChessBase"]
[SourceDate "1995.07.01"]
[SourceVersion "1"]
[SourceVersionDate "1995.07.01"]
[SourceQuality "1"]

1. d4 d5 2. c4 c6 3. Nf3 Nf6 4. Nc3 a6 5. Ne5 e6 6. Bf4 Be7 7. e3 0-0 8. Bd3 Nbd7 9. 0-0 dxc4 10. Nxc4 c5 11. a4 b6 12. Qf3 Ra7 13. Rfd1 Bb7 14. Qh3 cxd4 15. exd4 g6 16. Ne5 Nd5 17. Bh6 Re8 18. f4 Nxc3 19. bxc3 Bf6 20. Rf1 Qe7 21. Rae1 Bg7 22. Bxg7 Kxg7 23. f5 exf5 24. Nxg6 Qxe1 25. Rxe1 Rxe1+ 26. Kf2 fxg6 27. Kxe1 Nf6 28. Qg3 Bc6 29. Kf1 Ne4 30. Qe5+ Kh6 31. Qb8 Ra8 32. Qxb6 Bxa4 33. Qb7 Rf8 34. Qxa6 Be8 35. c4 Bf7 36. Bxe4 fxe4 37. Ke2 Be8 38. Qd6 Kg7 39. d5 Bf7 40. c5 Ra8 41. c6 Ra2+ 42. Ke3 1-0

[Event "RUS-ch sf"]
[Site "Bryansk"]
[Date "1995.??.??"]
[Round "9"]
[White "Timofeev, Vladimir F"]
[Black "Lavrov, Andrey"]
[Result "1/2-1/2"]
[WhiteElo "2275"]
[BlackElo "2385"]
[PlyCount "20"]
[EventDate "1995.??.??"]
[EventType "swiss"]
[EventRounds "9"]
[EventCountry "RUS"]
[SourceTitle "EXT 1998"]
[Source "ChessBase"]
[SourceDate "1997.11.17"]
[SourceVersion "1"]
[SourceVersionDate "1997.11.17"]
[SourceQuality "1"]

1. e4 d6 2. d4 Nf6 3. Nc3 g6 4. Nf3 Bg7 5. Be2 0-0 6. 0-0 c6 7. h3 Qc7 8. Bg5 Nbd7 9. Qd2 e5 10. Rad1 Re8 1/2-1/2

[Event "Nagykanizsa op"]
[Site "Nagykanizsa"]
[Date "1994.??.??"]
[Round "?"]
[White "Belikov, Vladimir"]
[Black "Lavrov, Andrey"]
[Result "1/2-1/2"]
[WhiteElo "2435"]
[BlackElo "2355"]
[PlyCount "120"]
[EventDate "1994.??.??"]
[EventType "swiss"]
[EventRounds "9"]
[EventCountry "HUN"]
[SourceTitle "EXT 1999"]
[Source "ChessBase"]
[SourceDate "1998.11.16"]
[SourceVersion "1"]
[SourceVersionDate "1998.11.16"]
[SourceQuality "1"]

1. e4 d6 2. d4 Nf6 3. Nc3 g6 4. Be3 c6 5. Qd2 b5 6. f3 Nbd7 7. g4 Nb6 8. b3 Bg7 9. Nge2 Qc7 10. g5 Nfd7 11. h4 b4 12. Nd1 c5 13. h5 gxh5 14. Ng3 cxd4 15. Bxd4 Bxd4 16. Qxd4 Rg8 17. Rxh5 Qxc2 18. Qxb4 Ne5 19. Be2 Ba6 20. Qd2 Qxd2+ 21. Kxd2 Bxe2 22. Kxe2 Rc8 23. Ne3 Ng6 24. Rxh7 Nf4+ 25. Kd2 Rxg5 26. Ne2 Nxe2 27. Kxe2 Rg8 28. Rah1 Nd7 29. Rh8 Rxh8 30. Rxh8+ Nf8 31. f4 e6 32. Kd3 Ke7 33. f5 Rd8 34. Ng4 exf5 35. exf5 Ne6 36. Rxd8 Nxd8 37. Kc4 Nc6 38. Kb5 Nd4+ 39. Ka6 Nxf5 40. Kxa7 Nd4 41. Kb7 f5 42. Nf2 Ke6 43. b4 Kd5 44. a4 Kc4 45. a5 Kxb4 46. a6 Nb5 47. Kb6 d5 48. Nd3+ Ka4 49. Nc5+ Kb4 50. Nd3+ Ka4 51. Nf4 Nd6 52. Nxd5 Nc8+ 53. Kc7 Kb5 54. Nb4 Na7 55. Kb7 Kxb4 56. Kxa7 f4 57. Kb6 f3 58. a7 f2 59. a8Q f1Q 60. Qa5+ Kb3 1/2-1/2

[Event "Budapest Spring op 10th"]
[Site "Budapest"]
[Date "1994.??.??"]
[Round "5"]
[White "Khropov, Boris"]
[Black "Lavrov, Andrey"]
[Result "1-0"]
[WhiteElo "2235"]
[BlackElo "2355"]
[PlyCount "59"]
[EventDate "1994.03.??"]
[EventType "swiss"]
[EventRounds "9"]
[EventCountry "HUN"]
[SourceTitle "EXT 1997"]
[Source "ChessBase"]
[SourceDate "1996.11.15"]
[SourceVersion "1"]
[SourceVersionDate "1996.11.15"]
[SourceQuality "1"]

1. e4 d6 2. d4 Nf6 3. Nc3 g6 4. Be2 Bg7 5. h4 c5 6. d5 0-0 7. h5 b5 8. hxg6 b4 9. gxh7+ Kh8 10. Nb1 Nxe4 11. Rh4 f5 12. Nf3 Nd7 13. Nbd2 Nef6 14. Nc4 Nb6 15. Bh6 Nbxd5 16. Qd2 f4 17. 0-0-0 Bf5 18. Rdh1 Qd7 19. g4 Bxh6 20. gxf5 Bg7 21. Qd3 Qc7 22. Ng5 b3 23. a3 e5 24. fxe6 Rad8 25. Rg1 Qe7 26. Qg6 Nc7 27. Rxf4 bxc2 28. Nf7+ Rxf7 29. exf7 Ne6 30. Rxf6 1-0